| 000 | 00721nam a22002057a 4500 | ||
|---|---|---|---|
| 999 |
_c8754 _d8754 |
||
| 003 | AR-CdUCM | ||
| 008 | 190325b ||||| |||| 00| 0 spa d | ||
| 040 |
_aMUNICIPALIDAD PROVINCIAL DEL CUSCO _cBIBLIOTECA MUNICIPAL DEL CUSCO |
||
| 082 |
_a869.8124 / _bIB1 |
||
| 100 |
_aIbarbourou, Juana de _919621 |
||
| 245 | _aObras completas / | ||
| 260 |
_aMadrid : _bAguilar _c1953. |
||
| 300 |
_a1108 paginas ; _bIlustraciones, _c14 cm. |
||
| 505 | _aContenido : Las lenguas de diamante -- La pequeña llama -- Lo que soy para ti -- La angustia del agua quieta -- Implacable... | ||
| 650 |
_aPoesías Uruguayas _917793 |
||
| 650 |
_aSiglo XX _98 |
||
| 650 |
_aCuentos Uruguayos _919539 |
||
| 942 |
_2ddc _cLIBROS |
||
| 945 | _awnts | ||